000 00927nam a2200193 a 4500
001 BRCA_1464
005 20190320203435.0
008 141105s1996----mx-a---###---#000-0#spa-d
050 4 _aSB253
_b.P65 1996
245 1 0 _aPolski len
_bel lino de Polonia : tradición, arte, producción
_ctraducción Madeleine Navarro Mena y Marcin Malkowski.
260 _aPolonia
_bInstituto de Diseño Industrial : Embajada de la República de Polonia en México
_c1996
300 _a1 v. (sin paginación)
_bil. (algunas a color)
_c22 cm.
500 _aCatálogo de la exposición realizada en el Museo Franz Mayer (Ciudad de México), 28 marzo - 26 mayo y en el Museo Amparo (Puebla, México), 1 - 30 julio, 1996
650 1 4 _aLino
_vExposiciones
_xIndustria
_zPolonia
_94791
650 1 4 _aFibras textiles
_vExposiciones
_xIndustria
_zPolonia
_94792
700 1 _aNavarro Mena, Medeleine
_94793
700 1 _aMalkowski, Marcin
_94794
942 _2lcc
_cB
999 _c1326
_d1326